000
00250 a2200121 4500
020
_a
9780375858604
020
_a
9780307982421
041
_a
spa
100
_a
Julia Sarcone
245
_a
El oso se comio tu sandwich
942
_c
BK
999
_c
29278
_d
29276
999
_d
29276